LEADER 01187nam a2200301 a 4500 001 000000130817 003 CaOOAMICUS 005 20121009111421.0 008 121009s2009 fr u000 u fre r 020 $a978-2-275-02390-8 040 $aPUL$bita 082 04$a341 245 00$aDroit international public /$cNguyen Quoc Din ... [et al.] ; avec la collaboration de Daniel Müller. 250 $a8e éd. 260 $aParis :$bL.G.D.J.$g2009 300 $a1709 p. ;$c25 cm 504 $aBibliografia in nota. 650 4$aDiritto internazionale pubblico.$0(OLS)http://pul/subject/13984 700 1 $aMüller, Daniel.$0(OLS)http://pul/name/83851 700 1 $aNguyen, Quoc Din.$0(OLS)http://pul/name/83849 850 $aPUL 852 $aPUL$W1$xSL Diritto e Scienze Sociali 3$y79$m341 DAIPA 1$j151220$qDDC 21$B149960$CPULBib$Z2$F149960 $H120873 $82 941 1 $a9 996 $6020$a978-2-275-02390-8$9(OLS)http://pul/number/150807 996 $6082$a341$9(OLS)http://pul/classification/387 996 $6245$aDroit international public$9(OLS)http://pul/title/53663 996 $6260$aParis :$bL.G.D.J.$9(OLS)http://pul/publisher/65246 LEADER 01550nam a2200325 a 4500 001 000000142748 003 CaOOAMICUS 005 20150413100938.0 008 150413s2005 it u000 u ita r 020 $z8834854926* 040 $aPUL$bita 082 04$a342.450852 100 1 $aCanonico, Marco,$d1963-$0(OLS)http://pul/name/28577 245 13$aIl ruolo della giurisprudenza costituzionale nell'evoluzione del diritto ecclesiastico /$cMarco Canonico. 260 $aTorino :$bG. Giappichelli,$cİ2005. 300 $a243 p. ;$c24 cm 490 1 $aCollana del dipartimento di Diritto Pubblico Università degli studi di Perugia ;$v15 504 $aBibliografia in nota. 650 4$aDiritto ecclesiastico$xGiurisprudenza costituzionale.$0(OLS)http://pul/subject/41559 830 0$aCollana del Dipartimento di Diritto Pubblico (Università degli Studi di Perugia) ;$v15.$0(OLS)http://pul/title/142417 850 $aPUL 852 $aPUL$W1$xSL Diritto e Scienze Sociali 3$y79$m342. 450852 CANMA 1$j164622$qDDC 21$B164888$CPULBib$Z2$F164888 $HBar1053 $82 941 1 $a9 961 $aProvenienza Fondo G. Barberini. 961 $aDedica autografa dell'A. 996 $6020$z8834854926*$9(OLS)http://pul/number/157363 996 $6082$a342.450852$9(OLS)http://pul/classification/1766 996 $6245$aIl ruolo della giurisprudenza costituzionale nell'evoluzione del diritto ecclesiastico$9(OLS)http://pul/title/180701 996 $6260$aTorino :$bG. Giappichelli$9(OLS)http://pul/publisher/49130